000 01074cam a2200361 i 4500
001 0000822
003 DO-SdBNP
005 20250602125010.0
007 0000822
008 100514s 1999 ck a | |||| 000 f spa
015 _a
017 _a
_b
020 _a8437223555
020 _a0064434168
035 _a
040 _aBPMSU
_bspa
_cBPMSU
_e
080 _a
100 1 _aAnholt, Laurence
240 1 _aBilly Beast /
245 1 3 _aLa bella bestia /
_h
_cLaurence Anholt ; ilustraciones Arthur Robins ; traducción Carlo Frabetti
260 _aSantafé de Bogotá, Colombia :
_bAltea,
_c1999.
300 _a[64] p.:
_bil.
_c20 cm.
490 1 _aHistorias de siempre contadas como nunca
490 1 _aHistorias increibles
500 _aEstas historias no han sido testadas en animales.
700 1 2 _aRobins, Arthur
_eil.
700 1 2 _aFrabetti, Carlo
_etrad.
830 0 _aHistorias de siempre contadas como nunca
830 0 _aHistorias increibles
942 _2ddc
_cBK
945 _aInventariado, 2018 / BT
956 _aYLOCKWARD
_810
_cBPMSU
999 _c12131
_d12131